书目信息 |
| 题名: |
桑德拉销售原则
|
|
| 作者: | 伍杰 , 马特森 编著 | |
| 分册: | ||
| 出版信息: | 北京 机械工业出版社 2024.10 |
|
| 页数: | 16,226页 | |
| 开本: | 23cm | |
| 丛书名: | ||
| 单 册: | ||
| 中图分类: | F713.3 | |
| 科图分类: | ||
| 主题词: | 销售--方法 | |
| 电子资源: | ||
| ISBN: | 978-7-111-76292-8 | |
| 000 | 01016nam0 2200253 450 | |
| 001 | 013232086 | |
| 005 | 20251022181533.04 | |
| 010 | @a978-7-111-76292-8@dCNY88.00 | |
| 100 | @a20241107d2024 em y0chiy0120 ea | |
| 101 | 0 | @achi |
| 102 | @aCN@b110000 | |
| 105 | @aa z 000yy | |
| 106 | @ar | |
| 200 | 1 | @a桑德拉销售原则@9sang de la xiao shou yuan ze@dThe Sandler rules@e中国本土案例版@f伍杰,(美)大卫·马特森(David Mattson)编著@zeng |
| 210 | @a北京@c机械工业出版社@d2024.10 | |
| 215 | @a16,226页@c图@d23cm | |
| 330 | @a本书简要介绍了美国桑德拉培训系统的49条销售原则,并融入了大量来自中国本土学员的真实案例。通过对人类交流和思维的深入理解,以及多年成功销售经验的总结,这些原则指导销售人员通过非常规的方式与顾客更有效地交流,以提高销售效率及职业水准。 | |
| 510 | 1 | @aSandler rules@zeng |
| 606 | 0 | @a销售@x方法 |
| 690 | @aF713.3@v5 | |
| 701 | 0 | @a伍杰@9wu jie@4编著 |
| 701 | 0 | @c(美)@a马特森@9ma te sen@c(Mattson, David)@4编著 |
| 801 | 0 | @aCN@c20250905 |
| 905 | @a河南城建学院图书馆@dF713.3@eW938@ZW938@f1 | |
| 桑德拉销售原则=The Sandler rules:中国本土案例版/伍杰,(美)大卫·马特森(David Mattson)编著.-北京:机械工业出版社,2024.10 |
| 16,226页:图;23cm |
| ISBN 978-7-111-76292-8:CNY88.00 |
| 本书简要介绍了美国桑德拉培训系统的49条销售原则,并融入了大量来自中国本土学员的真实案例。通过对人类交流和思维的深入理解,以及多年成功销售经验的总结,这些原则指导销售人员通过非常规的方式与顾客更有效地交流,以提高销售效率及职业水准。 |
| ● |
| 相关链接 |
|
|
|
正题名:桑德拉销售原则
索取号:F713.3/W938
 
预约/预借
| 序号 | 登录号 | 条形码 | 馆藏地/架位号 | 状态 | 备注 |
| 1 | 1631159 | 216311596 | 社科库409/409社科库 41排3列2层/ [索取号:F713.3/W938] | 在馆 |